| 000 | 00574nam a2200193Ia 4500 | ||
|---|---|---|---|
| 003 | LDD | ||
| 008 | 181029s9999 xx 000 0 und d | ||
| 020 |
_a275987981 _cP 25.99 |
||
| 040 | _cLDD | ||
| 100 | _aKantor, Martin | ||
| 245 | 4 |
_aThe Psychopathy of Everyday Life _bHow Antisocial Personality Discorder Affects _cMartin Kantor |
|
| 260 |
_aLondon _bPraeger _c2006 |
||
| 300 | _a208p. | ||
| 365 | _bP 25.99 | ||
| 901 |
_a3812 _b06-02-2007 |
||
| 902 |
_a9313 _b11-05-2007 _cF _dOP _e0 |
||
| 903 |
_aDiscount-10 _bReqst by : Thomas, Gracious (Dr.) |
||
| 942 |
_2ddc _cBK |
||
| 999 |
_c79017 _d79017 |
||